1815 1474 1453 1216 1749 1453 1313 1607 1473 1881 1183 1699 1630 1616 1635 1134 1237 1675 1821 1120 1865 1716 1238 1314 1201 1917 1076 1911 1609 1637 1378 1694 1380 1306 1259 1771 1000 1301 1810 1951 1811 1396 1482 1592 1833 1335 1001 1827 1396 1583 1559 1780 1841 1800 1697 1662 1617 1393 1364 1189 1215 1407 1553 1598 1366 1606 1534 1486 1466 1025 1034 1669 1746 1750 1047 1306 1464 1479 1948 1967 1256 1239 1958 1165 1010 1585 1880 1697 1316 1734 1386 1626 1754 1868 1181 1014 1406 1229 1980 BCNSPRNW ULIB Ver.6.0+V

เปลี่ยนเป็นภาษาไทย

Change to English
 แสดงรายละเอียดบรรณานุกรม
  กลับหน้าหลัก

Brief Record : Get Marc (ISO 2709) : E-mail record : QR code < ปิดหน้าต่าง
LEADER : 00000nam 2200000uu 4500
001    13399108905
003     ULIB
008    110316s2547||||th 000 0 tha d
020    9749066510
060 04 W825^bพ2553ร 2547
100 0  พรทิพย์ โรจนสุนันท์,^cคุณหญิง,^d2497-
245 10 รักเป็นศพ /^cพ.ญ. คุณหญิงพรทิพย์ โรจนสุนันทน์
250    พิมพ์ครั้งที่ 7
260    กรุงเทพฯ :^bคลินิกสุขภาพ,^c2547
300    150 หน้า :^bภาพประกอบ ;^c21 ซม.
440  0 ชุดชีวิตและสุขภาพ ;^vลำดับที่ 47
600 07 พรทิพย์ โรจนสุนันท์,^cคุณหญิง,^d2497-
650  7 การตรวจศพ
650  7 ฆาตกรรม
650  7 นิติเวชวิทยา
945    ^p110^l0^i017327
995    ทศพร
999 ^a ใช้งานได้ทุกระบบ
รายการนี้ยังไม่มีแท็ก
คุณยังไม่ได้ล็อกอิน คุณสามารถมีกิจกรรมร่วมกับเว็บไซต์ได้ แต่ต้องล็อกอินก่อน ::
  ล็อกอิน

รายการสื่อสารสนเทศ

ลำดับที่ ประเภท เลขเรียก/บาร์โค้ด สถานที่ สถานะ
- ไม่พบข้อมูล -

รายการใกล้เคียง
    หัวเรื่อง [การตรวจศพ]
    หัวเรื่อง [นิติเวชวิทยา]

BibComment


ยังไม่เคยถูกคอมเมนท์

คอมเมนท์ทรัพยากรรายการนี้
  คอมเมนท์: รักเป็นศพ พญ คุณ..


 Copyright 2026. Bcnsprnw @Library